Klicke die Landkreise von Sachsen-Anhalt auf einer Karte - Statistiken

Allgemein
  • Dieses Quiz wurde 210 mal gespielt
  • Das Durchschnittsergebnis liegt bei 11 aus 14
Antworten auf der Karte
Die Antworten werden auf der Karte rot bzw. grün angezeigt, abhängig davon wie oft sie richtig erraten wurden.
 
Antwortstatistiken
Antwort % Korrekt
Halle (Saale)
89%
Harz
88%
Magdeburg
88%
Burgenlandkreis
82%
Saalekreis
80%
Mansfeld-Südharz
79%
Altmarkkreis Salzwedel
77%
Wittenberg
77%
Dessau-Roßlau
75%
Jerichower Land
75%
Stendal
72%
Salzlandkreis
70%
Anhalt-Bitterfeld
69%
Börde
68%
Keine übereinstimmenden Quizze gefunden
Verteilung der Resultate
Anzahl Personen mit jedem Resultat
Perzentil nach korrekt beantworteten Fragen
Ihre Resultats-Entwicklung
Sie haben dieses Quiz noch nicht gespielt